000
00317nam a2200169Ia 4500
100
_a
GMAT
650
_a
GMAT
942
_c
BK
366
_f
25
654
_a
GMAT
245
_a
GMAT prep plus 2019
260
_b
Kaplan publishers
_c
2018
082
_b
GMAT
300
_a
1169
546
_a
ENGLISH
999
_c
21053
_d
21053